[Event "Ashdod op"]
[Site "Ashdod"]
[Date "2004.12.14"]
[Round "8"]
[White "Eljanov, Pavel"]
[Black "Porat, Shay"]
[Result "1-0"]
[WhiteElo "2629"]
[BlackElo "2421"]
[PlyCount "115"]
[EventDate "2004.12.09"]
[EventType "swiss"]
[EventRounds "9"]
[EventCountry "ISR"]
[SourceTitle "CBM 103 Extra"]
[Source "ChessBase"]
[SourceDate "2005.01.01"]
[SourceVersion "1"]
[SourceVersionDate "2005.01.01"]
[SourceQuality "1"]

1. d4 Nf6 2. c4 e6 3. Nf3 b6 4. Nc3 Bb7 5. Bg5 h6 6. Bh4 Bb4 7. Nd2 Nc6 8. e3 e5 9. d5 Bxc3 10. bxc3 Nb8 11. Bd3 Na6 12. Nb3 Qe7 13. 0-0 Nc5 14. Nxc5 Qxc5 15. Bxf6 gxf6 16. Qf3 Qd6 17. a4 a5 18. Rab1 0-0-0 19. Rb5 Ba6 20. Rb3 Qc5 21. d6 Bb7 22. Be4 Bxe4 23. Qxe4 Qc6 24. Qd5 Qxd5 25. cxd5 Kb7 26. Rfb1 Rb8 27. dxc7 Kxc7 28. c4 f5 29. c5 d6 30. Rxb6 Rxb6 31. Rxb6 dxc5 32. Rc6+ Kd7 33. Rxc5 Ra8 34. g3 Kd6 35. Rb5 e4 36. Kg2 Ra6 37. Kh3 Ra7 38. g4 fxg4+ 39. Kxg4 Ke5 40. d6+ Kxd6 41. Kf4 Rc7 42. Rxa5 Rc2 43. Ra6+ Kd5 44. Kg3 Ra2 45. Rxh6 Rxa4 46. Rf6 Ra7 47. Kf4 Ra2 48. Kg5 Ra1 49. h4 Kc4 50. Rxf7 Kd3 51. Rf5 Ke2 52. h5 Rg1+ 53. Kf6 Rh1 54. Kg6 Rg1+ 55. Rg5 Rh1 56. Rg4 Kxf2 57. Rxe4 Kf3 58. Re5 1-0

[Event "Hoogeveen Essent op"]
[Site "Hoogeveen"]
[Date "2004.10.17"]
[Round "3"]
[White "Porat, Shay"]
[Black "Van Wissen, Michiel"]
[Result "0-1"]
[WhiteElo "2421"]
[BlackElo "2297"]
[PlyCount "138"]
[EventDate "2004.10.15"]
[EventType "swiss"]
[EventRounds "9"]
[EventCountry "NED"]
[SourceTitle "CBM 102 Extra"]
[Source "ChessBase"]
[SourceDate "2004.11.03"]
[SourceVersion "1"]
[SourceVersionDate "2004.11.03"]
[SourceQuality "1"]

1. d4 Nf6 2. c4 c5 3. d5 b5 4. Nf3 Bb7 5. a4 Qa5+ 6. Bd2 b4 7. Qc2 g6 8. e4 d6 9. g3 Bg7 10. Bh3 0-0 11. 0-0 e5 12. Ne1 Nbd7 13. Be3 Qc7 14. Nd2 Rae8 15. Nd3 Bc8 16. f3 a5 17. Bg2 h6 18. h3 Nh5 19. g4 Ng3 20. Rfe1 h5 21. Bf2 h4 22. Bxg3 hxg3 23. Nf1 Bh6 24. Nxg3 Bg5 25. Rf1 Kg7 26. Qf2 Rh8 27. Rae1 Qd8 28. Rd1 Qe7 29. b3 Rh7 30. f4 exf4 31. Nxf4 Ne5 32. Nd3 Nxd3 33. Rxd3 Bf6 34. Ne2 Be5 35. Rf3 Rf8 36. g5 Bg4 37. Rf6 Kg8 38. Qe3 Bxe2 39. Qxe2 Bd4+ 40. Kh1 Bxf6 41. gxf6 Qe5 42. Qe3 Rh4 43. Rf5 Qc3 44. Rf3 Qxe3 45. Rxe3 Rh5 46. Rf3 Re8 47. Rf4 Ree5 48. Kh2 g5 49. Rf2 Rh4 50. Kg3 Kh7 51. Rf1 Kg6 52. Rf2 Re8 53. Bf1 Re5 54. Bg2 Rexe4 55. Bxe4+ Rxe4 56. Rf3 Kh5 57. Rd3 Re2 58. Kf3 Rh2 59. Ke4 Kh4 60. Kf5 Rf2+ 61. Ke4 Rf4+ 62. Ke3 Kxh3 63. Ke2+ Kg2 64. Re3 Rxf6 65. Re8 g4 66. Ra8 g3 67. Rxa5 Kh3 68. Ra8 g2 69. Rh8+ Kg3 0-1

[Event "ISR-ch"]
[Site "Ramat Aviv"]
[Date "2004.09.19"]
[Round "1"]
[White "Porat, Shay"]
[Black "Sidorenko, Ilya"]
[Result "0-1"]
[WhiteElo "2431"]
[BlackElo "2283"]
[PlyCount "114"]
[EventDate "2004.09.19"]
[EventType "swiss"]
[EventRounds "9"]
[EventCountry "ISR"]
[SourceTitle "CBM 102 Extra"]
[Source "ChessBase"]
[SourceDate "2004.11.03"]
[SourceVersion "1"]
[SourceVersionDate "2004.11.03"]
[SourceQuality "1"]

1. d4 Nf6 2. c4 g6 3. Nc3 Bg7 4. e4 d6 5. Nf3 0-0 6. Be2 e5 7. 0-0 Nc6 8. d5 Ne7 9. a4 a5 10. Ne1 Nd7 11. Nd3 f5 12. exf5 gxf5 13. Ra3 f4 14. Kh1 Nf6 15. g3 fxg3 16. hxg3 Qd7 17. Kg1 Qh3 18. Ne1 Ng4 19. Bxg4 Bxg4 20. Qd3 Rf5 21. Qe4 Raf8 22. Be3 Rh5 23. Qg2 Nf5 24. Qxh3 Rxh3 25. Ng2 Nxe3 26. fxe3 Rh1+ 27. Kxh1 Rxf1+ 28. Kh2 Bf3 29. g4 e4 30. Nf4 Bf6 31. Kg3 Rh1 32. Nh3 Be5+ 33. Nf4 Rg1+ 34. Kf2 Rxg4 35. Rb3 b6 36. Nb5 Bxf4 37. exf4 Rxf4 38. Kg3 Rf7 39. Re3 Rg7+ 40. Kh4 Kf8 41. Nd4 Rf7 42. Kg5 Ke7 43. Kh6 Kd7 44. Ne6 c6 45. Ng5 Rf6+ 46. Kxh7 cxd5 47. cxd5 Rf5 48. Nxe4 Bxe4 49. Rxe4 Rxd5 50. Kg6 Re5 51. Rd4 d5 52. Kf6 Kd6 53. Rd3 Re4 54. Rb3 Rb4 55. Rxb4 axb4 56. Kf5 Kc5 57. Ke5 Kc4 0-1